| 000 | nam a22 7a 4500 | ||
|---|---|---|---|
| 999 |
_c44125 _d44125 |
||
| 003 | OSt | ||
| 005 | 20180503121424.0 | ||
| 008 | 180503b xxu||||| |||| 00| 0 eng d | ||
| 040 | _cIIMT UNIVERSITY, LIBRARY | ||
| 050 | _b306 | ||
| 082 | _21ST | ||
| 100 | _aDR. SONKER D | ||
| 245 | _aCOMPUTER APPLICATIONS FOR ENGINEERING | ||
| 250 | _a1ST | ||
| 260 |
_aDELHI _bVAYU _c2013 |
||
| 300 | _b1ST ED.306 P P. | ||
| 760 | _b1ST ED. | ||
| 856 | _3PAPERBACK | ||
| 887 | _2ACCESSION REGISTER | ||
| 942 |
_2ddc _c01 _e1ST _hTITLE _iBOOK |
||